Dawne państwa według mapy - Statystyki

Ogólne statystyki
  • Ten quiz został rozwiązany 4 913 razy
    4 912 od ostatniego zresetowania
  • Średni wynik to 10 z 18
Statystyki odpowiedzi
Obrazkowy Hint Odpowiedź % Poprawnych
1989 Związek Socjalistycznych Republik Radzieckich
93%
117 Imperium Rzymskie
92%
1989 Jugosławia
88%
1989 Czechosłowacja
87%
1279 Imperium Mongolskie
82%
1914 Austro-Węgry
81%
1870 (w niebieskim) Prusy
78%
1683 Imperium Osmańskie
76%
1800 Imperium Hiszpańskie
75%
500 p.n.e. Persja
61%
1500 Imperium Inków
46%
323 p.n.e. Starożytna Macedonia
45%
1200 Święte Cesarstwo Rzymskie
44%
1789 Republika Wenecka
38%
814 Państwo frankijskie
29%
550 p.n.e. Państwo nowobabilońskie
16%
850 Islamski Kalifat Abbasydów
9%
1700 Wielcy Mogołowie
9%
Nie znaleziono quizów pasujących do podanych kryteriów
Rozkład punktacji
Procent ludzi z każdym wynikiem
Percentyl według liczby udzielonych odpowiedzi
Twoja historia wyników
Nie rozwiązałeś tego quizu od ostatniego zresetowania